00346 a2200133 450000100060000002000150000604000240002110000210004524000520006624500470011830000070016536200090017265000310018169355 a8572084614 cAnchieta - Itaigara aSypriano, Lilian10aAcorda, rubião! tem fantasma no porão!lpor10aAcorda, rubião! tem fantasma no porão! a320 a2006 4aLiteratura infanto-juvenil